000 00410nam a2200169Ia 4500
008 230711s9999||||xx |||||||||||||| ||und||
020 _a978-7561-8450-42
041 _aENG
082 _a720
_bTA-A
100 _aTart,J
245 0 _aArchitecture design manual :: school buildings
250 _a1st Ed.
260 _c2012
_aChina
_bJ Tart Publishing
300 _a303
650 _aArchitecture
942 _cBK
999 _c5720
_d5720